000 00547nam a2200133Ia 4500
008 171212s9999 xx 000 0 und d
020 _a9780833080110
100 _aLarrabee, F. Stephen;Nader, Alireza
245 _cLarrabee, F. Stephen;Nader, Alireza
_aTurkish-Iranian Relations in a Changing Middle East
260 _bRAND Corporation
_c2013
650 _aHistory
650 _aTurkey -- Foreign relations -- Iran; Iran -- Foreign relations -- Turkey; Middle East -- Strategic aspects
856 _uhttp://www.jstor.org/stable/10.7249/j.ctt4cgdbg
999 _c352762
_d352762